<?xml version="1.0" encoding="UTF-8"?>
<record
    xmlns:xsi="http://www.w3.org/2001/XMLSchema-instance"
    xsi:schemaLocation="http://www.loc.gov/MARC21/slim http://www.loc.gov/standards/marcxml/schema/MARC21slim.xsd"
    xmlns="http://www.loc.gov/MARC21/slim">

  <leader>01592nam a22002537a 4500</leader>
  <controlfield tag="003">NALT</controlfield>
  <controlfield tag="005">20210430100614.0</controlfield>
  <controlfield tag="008">170315b        th ||||| |||| 00| 0 tha d</controlfield>
  <datafield tag="020" ind1=" " ind2=" ">
    <subfield code="a">9786167755304</subfield>
  </datafield>
  <datafield tag="040" ind1=" " ind2=" ">
    <subfield code="a">&#xE4C;NALT</subfield>
  </datafield>
  <datafield tag="050" ind1=" " ind2=" ">
    <subfield code="a">HV 9800.55</subfield>
    <subfield code="b">&#xE2A;473 2559</subfield>
  </datafield>
  <datafield tag="245" ind1="0" ind2="0">
    <subfield code="a">(&#xE2A;&#xE2D;&#xE07;) &#xE42;&#xE25;&#xE01;&#xE2B;&#xE25;&#xE31;&#xE07;&#xE01;&#xE33;&#xE41;&#xE1E;&#xE07; /</subfield>
    <subfield code="c">&#xE1C;&#xE39;&#xE49;&#xE40;&#xE02;&#xE35;&#xE22;&#xE19; &#xE1C;&#xE39;&#xE49;&#xE15;&#xE49;&#xE2D;&#xE07;&#xE02;&#xE31;&#xE07;&#xE43;&#xE19;&#xE42;&#xE04;&#xE23;&#xE07;&#xE01;&#xE32;&#xE23;&#xE40;&#xE23;&#xE37;&#xE48;&#xE2D;&#xE07;&#xE40;&#xE25;&#xE48;&#xE32;&#xE08;&#xE32;&#xE01;&#xE41;&#xE14;&#xE19;&#xE1B;&#xE23;&#xE30;&#xE2B;&#xE32;&#xE23; &#xE23;&#xE38;&#xE48;&#xE19;&#xE17;&#xE35;&#xE48; 3 &#xE40;&#xE23;&#xE37;&#xE2D;&#xE19;&#xE08;&#xE33;&#xE01;&#xE25;&#xE32;&#xE07;&#xE1A;&#xE32;&#xE07;&#xE02;&#xE27;&#xE32;&#xE07; &#xE1C;&#xE39;&#xE49;&#xE15;&#xE49;&#xE2D;&#xE07;&#xE02;&#xE31;&#xE07;&#xE43;&#xE19;&#xE42;&#xE04;&#xE23;&#xE07;&#xE01;&#xE32;&#xE23;&#xE40;&#xE23;&#xE37;&#xE48;&#xE2D;&#xE07;&#xE40;&#xE25;&#xE48;&#xE32;&#xE08;&#xE32;&#xE01;&#xE41;&#xE14;&#xE19;&#xE2B;&#xE0D;&#xE34;&#xE07; &#xE40;&#xE23;&#xE37;&#xE2D;&#xE19;&#xE08;&#xE33;&#xE01;&#xE25;&#xE32;&#xE07;&#xE02;&#xE2D;&#xE19;&#xE41;&#xE01;&#xE48;&#xE19;.</subfield>
  </datafield>
  <datafield tag="250" ind1=" " ind2=" ">
    <subfield code="a">&#xE1E;&#xE34;&#xE21;&#xE1E;&#xE4C;&#xE04;&#xE23;&#xE31;&#xE49;&#xE07;&#xE41;&#xE23;&#xE01;</subfield>
  </datafield>
  <datafield tag="260" ind1=" " ind2=" ">
    <subfield code="a">&#xE01;&#xE23;&#xE38;&#xE07;&#xE40;&#xE17;&#xE1E;&#xE2F; : </subfield>
    <subfield code="b">&#xE40;&#xE04;&#xE23;&#xE37;&#xE2D;&#xE02;&#xE48;&#xE32;&#xE22;&#xE1E;&#xE38;&#xE17;&#xE18;&#xE34;&#xE01;&#xE32;,</subfield>
    <subfield code="c">2559.</subfield>
  </datafield>
  <datafield tag="300" ind1=" " ind2=" ">
    <subfield code="a">174 &#xE2B;&#xE19;&#xE49;&#xE32; ; </subfield>
    <subfield code="c">21 &#xE0B;&#xE21;.</subfield>
  </datafield>
  <datafield tag="650" ind1=" " ind2="4">
    <subfield code="a">&#xE40;&#xE23;&#xE37;&#xE2D;&#xE19;&#xE08;&#xE33;</subfield>
    <subfield code="9">3986</subfield>
  </datafield>
  <datafield tag="650" ind1=" " ind2="4">
    <subfield code="a">&#xE19;&#xE31;&#xE01;&#xE42;&#xE17;&#xE29;&#xE0A;&#xE32;&#xE22;</subfield>
    <subfield code="z">&#xE44;&#xE17;&#xE22;</subfield>
    <subfield code="9">3987</subfield>
  </datafield>
  <datafield tag="650" ind1=" " ind2="4">
    <subfield code="a">&#xE19;&#xE31;&#xE01;&#xE42;&#xE17;&#xE29;&#xE2B;&#xE0D;&#xE34;&#xE07;</subfield>
    <subfield code="z">&#xE44;&#xE17;&#xE22;</subfield>
    <subfield code="9">3988</subfield>
  </datafield>
  <datafield tag="710" ind1="2" ind2=" ">
    <subfield code="a">&#xE40;&#xE23;&#xE37;&#xE2D;&#xE19;&#xE08;&#xE33;&#xE01;&#xE25;&#xE32;&#xE07;&#xE1A;&#xE32;&#xE07;&#xE02;&#xE27;&#xE32;&#xE07;.</subfield>
    <subfield code="b">&#xE1C;&#xE39;&#xE49;&#xE15;&#xE49;&#xE2D;&#xE07;&#xE02;&#xE31;&#xE07;&#xE43;&#xE19;&#xE42;&#xE04;&#xE23;&#xE07;&#xE01;&#xE32;&#xE23;&#xE40;&#xE23;&#xE37;&#xE48;&#xE2D;&#xE07;&#xE40;&#xE25;&#xE48;&#xE32;&#xE08;&#xE32;&#xE01;&#xE41;&#xE14;&#xE19;&#xE1B;&#xE23;&#xE30;&#xE2B;&#xE32;&#xE23; &#xE23;&#xE38;&#xE48;&#xE19;&#xE17;&#xE35;&#xE48; 3</subfield>
    <subfield code="9">3992</subfield>
  </datafield>
  <datafield tag="710" ind1="2" ind2=" ">
    <subfield code="a">&#xE40;&#xE23;&#xE37;&#xE2D;&#xE19;&#xE08;&#xE33;&#xE01;&#xE25;&#xE32;&#xE07;&#xE02;&#xE2D;&#xE19;&#xE41;&#xE01;&#xE48;&#xE19;.</subfield>
    <subfield code="b">&#xE1C;&#xE39;&#xE49;&#xE15;&#xE49;&#xE2D;&#xE07;&#xE02;&#xE31;&#xE07;&#xE43;&#xE19;&#xE42;&#xE04;&#xE23;&#xE07;&#xE01;&#xE32;&#xE23;&#xE40;&#xE23;&#xE37;&#xE48;&#xE2D;&#xE07;&#xE40;&#xE25;&#xE48;&#xE32;&#xE08;&#xE32;&#xE01;&#xE41;&#xE14;&#xE19;&#xE2B;&#xE0D;&#xE34;&#xE07;</subfield>
    <subfield code="9">3996</subfield>
  </datafield>
  <datafield tag="850" ind1=" " ind2=" ">
    <subfield code="a">NALT</subfield>
  </datafield>
  <datafield tag="942" ind1=" " ind2=" ">
    <subfield code="2">lcc</subfield>
    <subfield code="c">GB</subfield>
    <subfield code="0">1</subfield>
  </datafield>
  <datafield tag="998" ind1=" " ind2=" ">
    <subfield code="j">104</subfield>
    <subfield code="k"> &#xE2A;&#xE32;&#xE22;&#xE1D;&#xE19; &#xE14;&#xE35;&#xE07;&#xE32;&#xE21;</subfield>
  </datafield>
  <datafield tag="999" ind1=" " ind2=" ">
    <subfield code="c">92570</subfield>
    <subfield code="d">92570</subfield>
  </datafield>
  <datafield tag="952" ind1=" " ind2=" ">
    <subfield code="0">0</subfield>
    <subfield code="1">0</subfield>
    <subfield code="2">lcc</subfield>
    <subfield code="4">0</subfield>
    <subfield code="7">0</subfield>
    <subfield code="8">CGBL</subfield>
    <subfield code="a">NALT</subfield>
    <subfield code="b">NALT</subfield>
    <subfield code="d">2017-03-15</subfield>
    <subfield code="l">1</subfield>
    <subfield code="o">HV 9800.55 &#xE2A;473 2559</subfield>
    <subfield code="p">3961204940</subfield>
    <subfield code="r">2017-11-28 00:00:00</subfield>
    <subfield code="s">2017-11-10</subfield>
    <subfield code="w">2017-03-15</subfield>
    <subfield code="y">GB</subfield>
  </datafield>
</record>
